La venta encantada (Record no. 171161)

MARC details
000 -LEADER
campo de control de longitud fija 00746nam a22001815i 4500
001 - NÚMERO DE CONTROL
campo de control 171161
003 - IDENTIFICADOR DE NÚMERO DE CONTROL
campo de control ES-MaACL
005 - FECHA Y HORA DE LA ÚLTIMA TRANSACCIÓN
campo de control 20230906214545.0
008 - DATOS DE LONGITUD FIJA--INFORMACIÓN GENERAL
campo de control de longitud fija 090430s1859 sp |||| | spa d
100 1# - ENTRADA PRINCIPAL--NOMBRE DE PERSONA
Nombre de persona García, Adolfo
Títulos y otros términos asociados al nombre [seud.]
9 (RLIN) 225066
245 13 - MENCIÓN DEL TÍTULO
Título La venta encantada
Resto del título : zarzuela en tres actos y en verso /
Mención de responsabilidad, etc. letra de Adolfo García ; música de Antonio Reparaz.
260 ## - PUBLICACIÓN, DISTRIBUCIÓN, ETC.
Lugar de publicación, distribución, etc. Madrid :
Nombre del editor, distribuidor, etc. [s.n.],
Fecha de publicación, distribución, etc. 1859 (
Fabricante Imp. de José Rodríguez)
300 ## - DESCRIPCIÓN FÍSICA
Extensión 73 p. ;
Dimensiones 18 cm.
500 ## - NOTA GENERAL
Nota general Solo la letra.
700 1# - ENTRADA AGREGADA--NOMBRE PERSONAL
Nombre de persona Reparaz, Antonio.
9 (RLIN) 96255
852 ## - LOCALIZACIÓN
Ubicación ES-MaACL
Número de control de estantería F-8588(7)
Nota libre . .- Enc. pasta española
condición física - Falto de la cub. original
Nota libre - Enc. en un vol. facticio formando parte de la col. "Teatro español moderno", vol. 41
Holdings
Estatus retirado Estado de pérdida Estado de daño No para préstamo Colección Biblioteca de origen Biblioteca actual Ubicación en estantería Fecha de adquisición Fuente de adquisición Total de préstamos Signatura topográfica completa Código de barras Visto por última vez Precio de reemplazo Tipo de ítem Koha
        Libros del s. XIX Biblioteca del Ateneo de Madrid Biblioteca del Ateneo de Madrid Sala Pecera Planta 2 30/04/2009     F-8588(7) 1179626 23/02/2023 23/02/2023 Libro impreso antiguo